LEADER 03535nam 2200577 450 001 9910796505303321 005 20230809231100.0 010 $a3-11-049172-9 010 $a3-11-049282-2 024 7 $a10.1515/9783110492828 035 $a(CKB)4100000001040024 035 $a(MiAaPQ)EBC5123801 035 $a(DE-B1597)469369 035 $a(OCoLC)1004873114 035 $a(DE-B1597)9783110492828 035 $a(Au-PeEL)EBL5123801 035 $a(CaPaEBR)ebr11466359 035 $a(EXLCZ)994100000001040024 100 $a20171209h20172017 uy 0 101 0 $ager 135 $aurcnu|||||||| 181 $2rdacontent 182 $2rdamedia 183 $2rdacarrier 200 10$aNichtakademisches Dichten im 17. Jahrhundert $eWilhelm Weber, "teutscher poet vnd Spruchsprecher" in Nu?rnberg /$fWerner Wilhelm Schnabel 210 1$aBerlin, [Germany] ;$aBoston, [Massachusetts] :$cDe Gruyter,$d2017. 210 4$d©2017 215 $a1 online resource (746 pages) 225 1 $aFru?he Neuzeit : Studien und Dokumente zur deutschen Literatur und Kultur im europa?ischen Kontext,$x0934-5531 ;$vBand 212 311 $a3-11-049448-5 320 $aIncludes bibliographical references and index. 327 $tFrontmatter -- $tInhaltsverzeichnis -- $tVorbemerkung -- $tWilhelm Weber - Leben, Wirken, Wahrnehmung -- $tEdition der Werke Wilhelm Webers -- $tA Signierte Texte -- $tB Zugeschriebene Texte -- $tC Literarisches Nachleben -- $tQuellen- und Literaturverzeichnis -- $tIndices 330 $aVon der Forschung kaum beachtet, hat sich im 17. Jahrhundert eine florierende literarische Praxis außerhalb des gelehrten Milieus positioniert. Poeten und Leser verweigerten sich den neuen ästhetischen Normen und orientierten sich weiterhin an althergebrachten Vorbildern. Einer der populärsten und bestdokumentierten Vertreter dieser nichtakademischen Poesie war der Nürnberger "Spruchsprecher" Wilhelm Weber (1602-1661). Er wirkte nicht nur als Autor und Verleger, sondern auch als Auftragsdichter und populärer Vortragskünstler. Ausführlich thematisiert werden Vita, Wirken und Wahrnehmung des Handwerkerdichters in den lebensweltlichen, sozialen und kulturellen Kontexten seiner Wirkungsstätte. Dabei wird das Augenmerk nicht nur auf die Bedingungen einer freischaffenden Dichterexistenz gelegt, sondern werden auch die Wissens-, Erfahrungs- und Werthorizonte des Autors und die Spielräume seines literarischen Schaffens analysiert. Nachgegangen wird weiter der Rezeption Webers in Literaturkritik und Literaturgeschichtsschreibung seit dem späten 17. Jahrhundert. Der Editionsteil enthält die rund 60 überlieferten Texte Webers, die erstmals nach kritischen Maßstäben und ausführlich kommentiert herausgegeben werden. 410 0$aFru?he Neuzeit ;$vBand 212. 606 $aAuthors, German$vBiography 606 $aGerman poetry$yEarly modern, 1500-1700$xHistory and criticism 606 $aGerman poetry$zGermany$zNuremberg$xHistory and criticism 610 $aCraft poetry, history of literature in non-academic milieus, Nuremberg. 615 0$aAuthors, German 615 0$aGerman poetry$xHistory and criticism. 615 0$aGerman poetry$xHistory and criticism. 676 $a831.5 686 $aLIT004170$2bisacsh 700 $aSchnabel$b Werner Wilhelm$01510583 801 0$bMiAaPQ 801 1$bMiAaPQ 801 2$bMiAaPQ 906 $aBOOK 912 $a9910796505303321 996 $aNichtakademisches Dichten im 17. Jahrhundert$93743363 997 $aUNINA LEADER 01382nam2 2200325 i 450 001 TO00064167 005 20251003044401.0 010 $a8834821025 020 $aIT$b94-1836 100 $a20181003d1992 ||||0itac50 ba 101 | $aita 102 $ait 181 1$6z01$ai $bxxxe 182 1$6z01$an 183 1$6z01$anc$2RDAcarrier 200 0 $a1$fa cura di Silvana Malle$gcon scritti di Pietro Berni ... \et.al! 210 $aTorino$cG. Giappichelli$d\1992! 215 $a186 p.$d24 cm. 461 1$1001TO00000878$12001 $aˆLe ‰comunità europee: profili storici, giuridici ed economici$econferenze tenute nel quadro dell'Azione Jean Monnet presso l'Università degli studi di Verona$v1 606 $aComunità europee$2FIR$3CFIC014065$9E 676 $a341.2422$9Unione europea$v22 702 1$aBerni$b, Pietro$3CFIV032281 702 1$aMalle$b, Silvana$3CFIV082444 801 3$aIT$bIT-000000$c20181003 850 $aIT-BN0095 912 $aTO00064167 950 2$aBiblioteca Centralizzata di Ateneo$cv. 1$d 01D (AR) 15 757$e 01AR 0700157575 VMA A4(0001 v. 1$fY $h19950407$i20181003$cv. 1 in due copie$d 01D (AR) 21 971$e 01AR 0700219715 VMA A4(0001bis v. 1 (2. copia)$fY $h19971030$i20181112 977 $a 01 996 $a1$961339 997 $aUNISANNIO